1220 1405 1554 1468 1101 1545 1204 1309 1735 1167 1547 1681 1146 1704 1407 1243 1068 1036 1862 1297 1771 1883 1392 1207 1826 1082 1709 1849 1866 1447 1541 1901 1337 1232 1443 1163 1372 1189 1238 1892 1772 1437 1737 1335 1838 1876 1472 1989 1714 1008 1751 1371 1217 1888 1958 1520 1754 1210 1242 1093 1327 1458 1745 1608 1667 1615 1788 1540 1546 1460 1207 1232 1937 1451 1988 1258 1513 1113 1162 1715 1338 1246 1315 1129 1213 1364 1570 1381 1039 1685 1377 1342 1660 1147 1177 1651 1192 1641 1683 BCNSPRNW ULIB Ver.6.0+V

เปลี่ยนเป็นภาษาไทย

Change to English
 แสดงรายละเอียดบรรณานุกรม
  กลับหน้าหลัก

Brief Record : Get Marc (ISO 2709) : E-mail record : QR code < ปิดหน้าต่าง
LEADER : 00000nam 2200000uu 4500
001    13399113309
003     ULIB
008    111006s2547||||th 000 0 tha d
020    9749665139
020    9789749665138
050 04 TX741^bท195ซ 2547
100 0  ทวีทอง หงษ์วิวัฒน์
245 00 แซนด์วิชและขนมฝรั่งยอดนิยม /^cบรรณาธิการ : ทวีทอง หงษ์วิวัฒน์
250    พิมพ์ครั้งที่ 1
260    กรุงเทพฯ :^bแสงแดด,^c2547
300    126 หน้า :^bภาพประกอบสี
650  4 การปรุงอาหาร
650  4 ขนมปัง
650  4 แซนด์วิช
945    ^p250^l0^i022961
995    ทศพร
999 ^a ทศพร
รายการนี้ยังไม่มีแท็ก
คุณยังไม่ได้ล็อกอิน คุณสามารถมีกิจกรรมร่วมกับเว็บไซต์ได้ แต่ต้องล็อกอินก่อน ::
  ล็อกอิน

รายการสื่อสารสนเทศ

ลำดับที่ ประเภท เลขเรียก/บาร์โค้ด สถานที่ สถานะ
- ไม่พบข้อมูล -

รายการใกล้เคียง
    หัวเรื่อง [การปรุงอาหาร]

BibComment


ยังไม่เคยถูกคอมเมนท์

คอมเมนท์ทรัพยากรรายการนี้
  คอมเมนท์: แซนด์วิชและขนมฝรั..


 Copyright 2026. Bcnsprnw @Library